000 006580000a22002170004500
003 dpl
005 20081029123218.0
008 081029t xxu||||| |||| 00| 0 eng d
010 _aENG-84590
020 _c595.00 (hb)
035 _aEN-68123
040 _cdpl
082 _a796.4
100 _aNarang, P
245 _aAthletic training /
_cby P Narang
260 _aNew Delhi
_bLakshay Publication
260 _c2005
300 _a320p
_c22cm
942 _2ddc
_cEN
_h796.4
_mNAR
999 _c17894
_d17894